Najlepsi zagraniczni strzelcy Ekstraklasy - Statystyki

Ogólne statystyki
  • Ten quiz został rozwiązany 50 razy
  • Średni wynik to 8 z 15
Statystyki odpowiedzi
Hint Odpowiedź % Poprawnych
108 Portugalia Flavio Paixao
85%
94 Hiszpania Jesus Imaz
82%
61 Portugalia Marco Paixao
82%
64 Szwecja Mikael Ishak
82%
66 Serbia Miroslav Radovic
69%
40 Węgry Nemanja Nikolić
64%
41 Hiszpania Carlitos
62%
54 Finlandia Kasper Hämäläinen
59%
55 Dania Christian Gytkjaer
56%
63 Hiszpania Igor Angulo
56%
49 Czechy Tomas Pekhart
49%
54 Hiszpania Erik Expósito
23%
43 Hiszpania Ivi López
21%
52 Słowacja Robert Pich
13%
40 Serbia Stanko Svitlica
13%
Nie znaleziono quizów pasujących do podanych kryteriów
Rozkład punktacji
Procent ludzi z każdym wynikiem
Percentyl według liczby udzielonych odpowiedzi
Twoja historia wyników
Nie rozwiązałeś tego quizu